000 01010nam a22002897a 4500
001 000644
003 DO-SdBNP
005 20180208144914.0
007 000644
008 161104b 1995 ck a ||||| |||| 00| 0 spa d
020 _a9588061202
040 _aBPMSU
_bspa
_cBPMSU
100 1 _aReyes, Yolanda,
_d1959-
245 1 0 _aEl terror de Sexto B y otras historias del colegio /
_cYolanda Reyes ; ilustraciones de Daniel Rabanal.
246 1 0 _aEl terror de sexto "B"
260 _aBogotá, Colombia :
_bAlfaguara,
_c1995.
_g8ª reimp. 2001
300 _a78 p. :
_bil. ;
_c20 cm.
490 1 _aAlfaguara infantil.
500 _a Para niños a partir de los 10 años.
500 _aIncluye datos biográficos de la autora en la solapa de la contracubierta
500 _aOctava reimpresión: septiembre de 2001
700 1 2 _aRabanal, Daniel,
_d1949-,
_eil.
830 0 _aAlfaguara infantil.
942 _2ddc
_cBK
945 _aInventariado, 2018 /LP
956 _aLOPEREZ
_b10
_c20161104
_hBPMSU
999 _c11789
_d11789